000 00596cam a2200205 4500500
005 20260329003908.0
041 _afre
042 _adc
100 1 0 _aMorizot, Baptiste
_eauthor
245 0 0 _aLa patience de la panthère
260 _c2017.
500 _a27
690 _aAnimalité
690 _aBaptiste Morizot
690 _aNature
690 _aPanthère
690 _aPatience
786 0 _nPhilosophie magazine | 111 | 7-8 | 2017-07-01 | p. 20-22 | 1951-1787
856 4 1 _uhttps://shs.cairn.info/magazine-philosophie-magazine-2017-7-8-page-20?lang=fr&redirect-ssocas=7080
999 _c1828779
_d1828779